000 00428nam a2200169Ia 4500
005 20250507125820.0
008 008 250505s9999 xx 000 0 kor d
037 _aAudio
040 _aEASL
_beng
_cEASL
041 _akor
_2eng
084 _aCD00399-400
_qEASL
245 0 _a2PM Hands up Asia Tour = K-pop
490 _vV. 1
650 _aKorean
942 _cAUD
_hCD00399-400
999 _c1313381
_d1313381